header

Ideologies of identity in adolescent fiction (Record no. 178470)

MARC details
000 -LEADER
fixed length control field 01803nam a2200421Ia 4500
082 04 - DEWEY DECIMAL CLASSIFICATION NUMBER
Classification number 809.3/00835
100 1# - MAIN ENTRY--AUTHOR NAME
Personal name McCallum, Robyn.
245 10 - TITLE STATEMENT
Title Ideologies of identity in adolescent fiction
260 ## - PUBLICATION, DISTRIBUTION, ETC. (IMPRINT)
Place of publication New York :
Name of publisher Garland Pub.,
Year of publication 1999.
300 ## - PHYSICAL DESCRIPTION
Number of Pages viii, 285 p.
490 1# - SERIES STATEMENT
Series statement Garland reference library of social science ;
-- Children's literature and culture ;
650 #0 - SUBJECT ADDED ENTRY--TOPICAL TERM
Topical Term Young adult fiction
Topical Term Children's stories
Topical Term Subjectivity in literature.
Topical Term Self in literature.
Topical Term Identity (Psychology) in literature.
Topical Term Social interaction in literature.
Topical Term Fiction
Topical Term Narration (Rhetoric)
856 40 - ELECTRONIC LOCATION AND ACCESS
Uniform Resource Identifier http://site.ebrary.com/lib/rucke/Doc?id=10054600

No items available.

© 2026 Rongo University
Contact us: librarian | system librarian | Rongo university